01257nam a2200205 a 4500008004100000020001500041041000800056092001600064100002600080245004900106250001200155260004000167300001100207500009200218505048700310655001700797942001300814999001500827952020900842161215e1994 ag |||g |||| 00| f spa d a9500702916 aspa c863l3sALL1 aAllende, Isabel93210 3aLa casa de los espíritus /cIsabel Allende a33a ed. aBuenos Aires:bSudamericana;c1994. a363 p. aAllende, I. (1994). La casa de los espíritus. (33a ed.). Buenos Aires : Sudamericana. aDesde principios de siglo hasta la actualidad, este relato sigue la vida de Esteban Trueba, de su mujer, de sus hijos legítimos y naturales, de sus nietos. La saga de una familia y de un mundo: historia del arrebato del autoritarismos, los desbordes de la fantasía, la interpenetración de lo irreal y lo ilusorio. Todo ello en un espacio donde la violencia, la lucha y la esperanza coinciden: un espacio en el cual puede reconocerse el vivir de los países latinoamericanos.  aNovela93091 2ddccLIT c3310d3310 00102ddc4070aBFMbBFMcCRd2025-09-22eDonación Guerra, Valeria. Septiembre 2025.l0o863 3 ALLp5115r2025-09-22tEj. 1w2025-09-22yLITzDonación Guerra, Valeria. Septiembre 2025. Sede Tordos.f